Clubes de las Ligas Españolas 2024-25 - Estadísticas

Estadísticas generales
  • Esta prueba ha sido intentada 175 veces
  • La puntuación promedio es 58 de 82
Estadísticas de respuestas
Categoría Club % Correcto
Primera División FC Barcelona
99%
Primera División Athletic Club
98%
Primera División Atlético de Madrid
98%
Primera División Real Madrid
98%
Primera División Sevilla FC
97%
Primera División Real Betis
96%
Primera División Valencia CF
96%
Primera División Real Sociedad
95%
Primera División Getafe CF
94%
Primera División Rayo Vallecano
94%
Primera División RC Celta
94%
Primera División Girona FC
93%
Primera División RCD Espanyol de Barcelona
91%
Primera División CA Osasuna
90%
Primera División CD Leganés
90%
Primera División Deportivo Alavés
90%
Primera División RCD Mallorca
90%
Primera División Real Valladolid CF
90%
Primera División UD Las Palmas
90%
Primera División Villarreal CF
89%
Segunda División Almería
88%
Segunda División Cádiz CF
88%
Segunda División Deportivo de La Coruña
88%
Segunda División Málaga CF
88%
Segunda División Córdoba CF
86%
Segunda División Levante UD
86%
Segunda División Real Oviedo
86%
Segunda División Real Zaragoza
86%
Segunda División Racing de Santander
84%
Segunda División Elche CF
83%
Segunda División Granada CF
83%
Segunda División Real Sporting de Gijón
82%
Segunda División Tenerife
82%
Segunda División Albacete Balompié
81%
Segunda División Burgos CF
80%
Segunda División Castellón
78%
Segunda División Huesca
78%
1RFEF Grupo 2 Real Madrid Castilla
77%
Segunda División Eibar
74%
Segunda División Mirandés
73%
Segunda División Racing de Ferrol
72%
1RFEF Grupo 1 FC Barcelona Atlètic
70%
1RFEF Grupo 2 Club Atlético de Madrid B
69%
1RFEF Grupo 2 UD Ibiza
68%
Segunda División Eldense
67%
1RFEF Grupo 1 Gimnàstic de Tarragona
67%
1RFEF Grupo 2 Real Murcia CF
67%
Segunda División FC Cartagena
65%
1RFEF Grupo 1 Real Sociedad de Fútbol B
62%
1RFEF Grupo 2 Hércules CF
61%
1RFEF Grupo 2 Sevilla Atlético
61%
1RFEF Grupo 2 AD Ceuta CF
60%
1RFEF Grupo 1 CYD Leonesa
60%
1RFEF Grupo 1 FC Andorra
60%
1RFEF Grupo 2 RC Recreativo de Huelva
60%
1RFEF Grupo 2 AD Alcorcón
59%
1RFEF Grupo 1 Athletic Club B
59%
1RFEF Grupo 1 CD Lugo
58%
1RFEF Grupo 2 Real Betis Deportivo
58%
1RFEF Grupo 2 Villarreal CF B
57%
1RFEF Grupo 1 Unionistas de Salamanca CF
54%
1RFEF Grupo 1 RC Celta Fortuna
53%
1RFEF Grupo 1 SD Ponferradina
51%
1RFEF Grupo 1 Zamora CF
51%
1RFEF Grupo 2 CF Fuenlabrada
50%
1RFEF Grupo 1 Real Unión Club
50%
1RFEF Grupo 1 SD Amorebieta
50%
1RFEF Grupo 1 Barakaldo CF
49%
1RFEF Grupo 1 Ourense CF
48%
1RFEF Grupo 1 CF Osasuna B
47%
1RFEF Grupo 2 AD Mérida
46%
1RFEF Grupo 2 Antequera CF
46%
1RFEF Grupo 2 CD Alcoyano
46%
1RFEF Grupo 1 CD Arenteiro
42%
1RFEF Grupo 2 Marbella FC
42%
1RFEF Grupo 1 Gimnástica Segoviana CF
41%
1RFEF Grupo 2 CF Intercity
39%
1RFEF Grupo 2 Yeclano Deportivo
38%
1RFEF Grupo 1 Sestao River Club
37%
1RFEF Grupo 2 Algeciras CF
35%
1RFEF Grupo 1 SD Tarazona
34%
1RFEF Grupo 2 Atlético Sanluqueño CF
33%
No se encontraron pruebas coincidentes
Distribución de puntuación
Porcentaje de gente con cada puntuación
Porcentaje por número respondido
Historial de tus puntuaciones
No has intentado esta prueba.